Loading...
History - European History | 1 | 3 | 0 | 0 | 45 | 40 | 97.75 | 0 | 1 |
Social Science | 1 | 3 | 0 | 0 | 45 | 66 | 80.75 | 0 | 4 |
Fine Arts - Other Arts | 1 | 2 | 0 | 1 | 35 | 84 | 125.67 | 0 | 1 |
Other Culture | 1 | 0 | 0 | 0 | 15 | 89 | 89.00 | 0 | 0 |
History - Other History | 0 | 1 | 0 | 0 | 10 | 122 | 122.00 | 0 | 0 |
History - World History | 0 | 1 | 0 | 0 | 10 | 107 | 107.00 | 0 | 0 |
Literature - British Literature | 0 | 1 | 0 | 0 | 10 | 132 | 132.00 | 0 | 0 |
Other Science (Math) | 0 | 1 | 0 | 0 | 10 | 120 | 120.00 | 0 | 0 |
Literature - World Literature | 0 | 1 | 0 | 0 | 10 | 108 | 108.00 | 0 | 0 |
Other Academic | 0 | 1 | 0 | 0 | 10 | 122 | 122.00 | 0 | 0 |
Literature - European Literature | 0 | 1 | 0 | 0 | 10 | 156 | 156.00 | 0 | 0 |
History - American History | 0 | 1 | 1 | 0 | 5 | 91 | 91.00 | 0 | 1 |
Religion | 0 | 0 | 0 | 0 | 0 | 0.00 | 0 | 0 | |
Geography | 0 | 0 | 1 | 0 | -5 | 0.00 | 0 | 0 |